000 01057nam a2200289Ia 4500
003 OSt
005 20221005110604.0
006 a|||||r|||| 00| 0
007 ta
008 221004b |||||||| |||| 00| 0 hin d
020 _a9789326352581 (hbk)
_cIndian Rupees 650
024 _a43872
037 _bGift, 29/05/2019,
_cTextual
040 _aCRL
_cCRL
_bhin
041 _2hin
_ahin
082 _aO152,1NNAx, Q6
100 _aत्रिपाठी, विश्वनाथ, संपा.
245 0 _aनागार्जुन संचयन
246 _aNāgārjun sanchayana
250 _aसंस्करण 1
260 _aनई दिल्ली
_bभारतीय ज्ञानपीठ भारत
_c2016
300 _a507पृ0
_ccm.
650 _a हिन्दी साहित्य
650 _aहिन्दी कविता
942 _hO152,1NNAx, Q6
_cTEXL
_2cc
999 _c1019293
_d1019293